Longman active study dictionary of English (Record no. 2317)

MARC details
000 -LEADER
fixed length control field 00295nam a2200121Ia 4500
020 ## - INTERNATIONAL STANDARD BOOK NUMBER
ISBN 981-223-903-0
082 ## - DEWEY DECIMAL CLASSIFICATION NUMBER
Classification number RR 423.1 LON
245 #0 - TITLE STATEMENT
Title Longman active study dictionary of English
250 ## - EDITION STATEMENT
Edition statement Indian reprint
260 ## - PUBLICATION, DISTRIBUTION, ETC. (IMPRINT)
Place of publication Essex
Name of publisher Addison Wesley Longman
Year of publication 1998
300 ## - PHYSICAL DESCRIPTION
Number of Pages 784p.
942 ## - ADDED ENTRY ELEMENTS (KOHA)
Koha item type Books
Holdings
Withdrawn status Lost status Damaged status Not for loan Home library Current library Date acquired Bill Date Full call number Accession Number Price effective from Koha item type
        NASSDOC Library NASSDOC Library 08/10/2004 2004-10-05 RR 423.1 LON 36951 18/04/2019 Books